000 00789nmm a2200265 a 4500
003 AR-BaBNM
005 20251128203431.0
008 087019s1957 ||||||||||||||000 | spa||
040 _cAR-BaBNM
100 1 _aPeralta Perez, Roberto
245 1 0 _aVademecum del régimen jubilatorio argentino vigente
260 _aBuenos Aires
_bEstudio Jurídico Impositivo Financiero. Departamento de Publicaciones
_c1957
300 0 _ap. irreg.
_bdiagr.
500 0 _aIndice al comienzo de la obra
650 4 _aDERECHO LABORAL
650 4 _aJUBILACION
650 4 _aPENSIONES
650 4 _aLEGISLACION SOCIAL
650 4 _aLEGISLACION ARGENTINA
651 4 _aArgentina
700 1 _aGómez, Ramón
_ecolaborador
700 1 _aDicaion, Filo
_ecolaborador
942 _cBK
998 _cAndrea
999 _c3368
_d3368